Villes Françaises par photographie des années 1920 - Quiz en Images - Statistiques

Statistiques générales
  • Ce quiz a été pris 30 fois
  • Le résultat moyen est 6 sur 20
Statistiques - réponses
Par images Réponse % Correct
Paris
96%
Nîmes
79%
Marseille
63%
Bordeaux
58%
Lyon
42%
Angers
33%
Nantes
33%
Nice
33%
Toulouse
33%
Le Havre
25%
Grenoble
21%
Montpellier
21%
Orléans
21%
Nancy
17%
Clermont-Ferrand
13%
Metz
13%
Rouen
13%
Tours
13%
Limoges
8%
Annecy
4%
Aucun quiz correspondant
Distribution des résultats
% des personnes avec chaque résultat
Percentile par nombre de réponses
Votre historique - résultats
Vous n’avez pas pris ce quiz